000 00728nam a2200241Ia 4500
003 OSt
005 20220930065443.0
006 a|||||r|||| 00| 0
007 ta
008 220926b |||||||| |||| 00| 0 eng d
024 _a5635
037 _cTheses
040 _aCRL
_cCRL
_beng
041 _2eng
_aeng
100 _aMariappan A.
_9525911
110 _aUniversity of Delhi. Faculty of Arts. Department of Modern Indian Language
_9522687
245 0 _aStudy of socialist realism in Tamil Novels
260 _c1981
650 _aMODERN EUROPEAN LANGUAGES
700 _aUniversity of Delhi. Faculty of Arts. Department of Modern Indian Language
_9522688
942 _cDIS
_2CC
999 _c859578
_d859578